| 000 | 00704nam a2200241Ia 4500 | ||
|---|---|---|---|
| 003 | OSt | ||
| 005 | 20220928131508.0 | ||
| 006 | a|||||r|||| 00| 0 | ||
| 007 | ta | ||
| 008 | 220927b |||||||| |||| 00| 0 eng d | ||
| 024 | _a28604 | ||
| 037 | _cTextual | ||
| 040 |
_aSDCL _cSDCL _beng |
||
| 041 |
_2eng _aeng |
||
| 082 | _aX62:(D6,8(B),2775), P8 | ||
| 100 |
_aUppal R K Ed. _9456670 |
||
| 245 | 0 | _aBanking services and information technology | |
| 260 |
_aNew Delhi _bNew Century Publications _c2008 |
||
| 300 |
_axxv,215p _ccm. |
||
| 650 | _aInformation Technology Banking Industry | ||
| 942 |
_hX62:(D6,8(B),2775), P8 _cTEXL _2CC |
||
| 999 |
_c791039 _d791039 |
||